Introduction to research in education (Record no. 7349)

000 -LEADER
fixed length control field 00557 a2200181 4500
020 ## - INTERNATIONAL STANDARD BOOK NUMBER
International Standard Book Number 0534246656
040 ## - CATALOGING SOURCE
Original cataloging agency DLC
Language of cataloging DLC
082 00 - DEWEY DECIMAL CLASSIFICATION NUMBER
Classification number 370.72
100 1# - MAIN ENTRY--PERSONAL NAME
Personal name Ary, Donald.
245 10 - TITLE STATEMENT
Title Introduction to research in education
Statement of responsibility, etc. Donald Ary, Lucy Cheser Jacobs, Asghar Razavieh.
250 ## - EDITION STATEMENT
Edition statement 6th ed.
260 ## - PUBLICATION, DISTRIBUTION, ETC.
Place of publication, distribution, etc. Australia ;
-- Belmont, CA :
Name of publisher, distributor, etc. Wadsworth, Thomson Learning,
Date of publication, distribution, etc. c2002.
300 ## - PHYSICAL DESCRIPTION
Extent xxvi, 582 p. :
Other physical details ill. ;
Dimensions 24 cm.
650 #0 - SUBJECT ADDED ENTRY--TOPICAL TERM
Topical term or geographic name entry element Education
General subdivision Research.
700 1# - ADDED ENTRY--PERSONAL NAME
Personal name Jacobs, Lucy Cheser.
700 1# - ADDED ENTRY--PERSONAL NAME
Personal name Razavieh, Asghar.
942 ## - ADDED ENTRY ELEMENTS (KOHA)
Koha item type Book
Call number prefix 370.72 ARY
Source of classification or shelving scheme
Holdings
Withdrawn status Lost status Damaged status Not for loan Collection code Permanent Location Current Location Shelving location Date acquired Source of acquisition Cost, normal purchase price Total Checkouts Full call number Barcode Date last seen Date last checked out Price effective from Koha item type
          Central Library (CL) Central Library (CL) General Stacks 10/20/2004 Allied Book Company 1116.18 1 370.72 ARY SEECS004908 09/01/2016 11/04/2015 01/05/2017 Book
© 2023 Central Library, National University of Sciences and Technology. All Rights Reserved.